Widok standardowy
Widok MARC
Pozycja Personal Name
Liczba rekordów, w których użyto hasła: 2
001 - Numer kontrolny
- control field: 40168
003 - Identyfikator numeru kontrolnego
- control field: NUKAT
005 - Data i czas ostatniej modyfikacji
- control field: 20260416125543.0
008 - Dane kontrolne kodowane (40 znaków)
- fixed length control field: 980529n||a|znnaabn |a aaa |c
010 ## - Numer kontrolny Biblioteki Kongresu
- numer kontrolny LC: n 98045005
040 ## - Instytucja sporządzająca rekord
- inst. przygot. dane do rek. khw: KR U/bs
- język haseł przedmiotowych/tezaurus: kaba
- inst. wprow. rek. khw: KR U/bs
- inst. modyf. rek. khw: SZCZ M/RK
100 1# - Hasło - nazwa osobowa
- nazwa osobowa w formie ujednoliconej: Zechenter, Anna
- daty biograficzne: (1959- ).
670 ## - Źródło informacji
- źródło informacji: Vom Pazifismus zum Monarchismus / Anna Zechenter. - [S. l.], 1991.